| 000 | 00791nam a2200205 a 4500 | ||
|---|---|---|---|
| 001 | 13389 | ||
| 003 | BD-JhCC | ||
| 005 | 20230916091242.0 | ||
| 008 | 230916s2017 bg a|||| |||| 000 0 ben d | ||
| 035 | _a(BD-JhCC)13389 | ||
| 040 |
_aBD-JhCC _dBD-JhCC |
||
| 041 | _aben | ||
| 082 |
_a891.44 _bAKB 2017 |
||
| 100 | _aআকবর, মহিউদ্দিন | ||
| 245 |
_aমিশন টু আয়রনম্যান : _bসম্পূর্ণ সায়েন্সফিকশন কিশোর উপন্যাস / _cমহিউদ্দিন আকবর |
||
| 260 |
_aঢাকা : _bশিশুকানন, _c২০১৭। |
||
| 300 |
_a৯৬ পৃ. : _bচিত্রাবলী; _c২১ সেমি. |
||
| 650 | _aBengali Scence Fiction | ||
| 942 |
_2ddc _cBK |
||
| 999 |
_c13389 _d13389 |
||